000 00488 a2200157 4500
003 OSt
005 20231109132223.0
008 231109b |||||||| |||| 00| 0 eng d
040 _coclc
082 _a297
_bMAN/N
100 _aMangad, Abdurahiman
_98678
245 _aNisa ul-Islam:
_b1929 September muthal 1930 November vareyulla lakkangal /
_cAbdurahiman Mangad
260 _aKerala:
_bGrace,
_c2021.
300 _a286p
942 _2ddc
_cBK
_h297
_iMAN/N
_k297
_mMAN/N
999 _c42993
_d42993